00453 2200169 4500001002100000008004100021035002000062245004600082250001000128260004000138300002500178020001800203084001700221082001100238650002100249990001300270INLIS000000000000302 ind  a0010-0921000302 aBuku Pintar RIPALcAmalia Hasanah. S.Th.I aCet.1 aYogyakartabPustaka Widyatamac2013 a456c14.5 cm x 21 cm a9789796107704 a297.73 AMA b a297.73 aPendidikan Islam aDI. 2453